Quizzes
Events
Quiz Creation
Community
Videos
Private Events
Remove Ads
Sign In
Join for FREE
Feedback
Dark Mode
Quiz Categories
Sports
Geography
Music
Movies
Television
Just For Fun
Miscellaneous
History
Literature
Language
Science
Gaming
Entertainment
Religion
Holiday
For Kids
Quiz Lab
Recent
Popular Today
Quiz Kudos Today
Editor Picks
Curator Picks
Quizzes by...
Day
Popularity
Type
Ratings
Length
Year
Community
Subscriptions
Recent Discussions
Orange Saloon
Badges
Playlists
Quests
Create
Leaderboards
Showdown
Live 5
Trivia Bingo
Activity
Puzzle Library
Sporcle Events
Private Events
Virtual Trivia
Globe League
Become a Host
Pub Owners
SporcleCon
Opinionation
Our Games
Videos
Blog
Mobile Apps
Partnerships
Remove Ads and Go Orange
Feedback
Music
Pop Music
The Beatles
Song
Album
Lyrics
Bands
Singers
Artist
Clip
Rock
Rap
Classical
Billboard
Country Music
Kpop
Taylor Swift
Music
Pop Music
The Beatles
Song
Album
Lyrics
Bands
Singers
Artist
Clip
Rock
Rap
Classical
Billboard
Country Music
Kpop
Taylor Swift
Random Quiz
Search Sporcle
×
Quiz Lab
Quiz Lab
Music
Nightwish
Type in answers that appear in a list
Type in answers that appear in a list
Classic
Best Score? Go Orange.
Guess The Nightwish Lyrics 17 Stats
Can you name the lyrics to this song on the 'Over the Hills and Far Away' Nightwish EP?
By
DeadGardens
8m
157 Questions
272 Plays
272 Plays
272 Plays
Comments
Comments
Give Quiz Kudos
Give Quiz Kudos
-
- Ratings
hide this ad
More Info
Replay
Link that replays current quiz
Next Quiz
Link to next quiz in quiz playlist
You Got
0%
They Got
Avg Score
45%
Avg Friend Score
Upgrade to see
Score Distribution
Jump to the score distribution portion of the page
Score
0/157
Timer
08:00
0
Plays Today
% Correct
The
91.5%
The
91.5%
The
91.5%
The
91.5%
a
91.5%
a
91.5%
a
91.5%
a
91.5%
The
91.5%
The
91.5%
The
91.5%
a
91.5%
a
91.5%
a
91.5%
the
91.5%
the
91.5%
the
91.5%
A
91.5%
a
91.5%
a
91.5%
a
91.5%
an
59.2%
in
58.8%
in
58.8%
in
58.8%
in
58.8%
in
58.8%
To
57.7%
To
57.7%
to
57.7%
To
57.7%
for
55.1%
for
54.8%
night
53.7%
Away,
52.6%
away
52.6%
Away
52.6%
away
52.6%
Away,
52.6%
away
52.6%
away
52.6%
away
52.6%
Away,
52.6%
away
52.6%
Away
52.6%
away
52.6%
Away,
52.6%
away
52.6%
away
52.6%
away
52.6%
Away,
52.6%
away
52.6%
Away
52.6%
% Correct
away
52.6%
Away,
52.6%
away
52.6%
away
52.6%
away
52.6%
me
50%
me
50%
time
44.5%
time
44.5%
time
44.5%
Time
44.5%
time
44.5%
was
43.8%
was
43.8%
no
43.4%
No
43.4%
my
43%
so
42.6%
Every
42.3%
Every
42.3%
every
42.3%
Every
42.3%
from
41.2%
from
41.2%
from
41.2%
were
39.7%
were
39.7%
there
39%
but
35.7%
This
35.7%
But
35.7%
days
34.9%
days
34.9%
journey
34.6%
journey
34.6%
journey
34.6%
journey
34.6%
journey
34.6%
journey
34.6%
dream's
34.2%
dream's
34.2%
dream's
34.2%
home
33.8%
home
33.8%
home
33.8%
without
33.1%
more
32.7%
more
32.7%
just
32.7%
more
32.7%
just
32.7%
just
32.7%
hope
32.4%
% Correct
had
32%
silence
30.9%
brighter
29.8%
Gardens
29.8%
Gardens
29.8%
world
29.8%
only
29%
Don't
29%
blooming
28.7%
let
28.3%
their
27.9%
meaning
27.9%
life
27.9%
Wishes
27.6%
rest
27.6%
Wishes
27.6%
boy
27.2%
care
26.8%
care
26.8%
care
26.8%
nights
26.5%
empty
26.1%
dreamer
26.1%
calling
25.7%
like
25.7%
moment
25.4%
wild
25%
wild
25%
whispering
24.6%
departed
24.6%
deserted
24.6%
grass
24.3%
flying
23.9%
frail
23.5%
hollow
23.5%
skies
23.5%
Everywhere's
23.2%
Everywhere's
23.2%
fade
23.2%
Everywhere's
23.2%
calls
22.8%
weeping
22.8%
Tower
22.8%
barefoot
22.4%
kept
22.1%
grey
21.7%
loss
21.3%
Cherish
21%
gain
20.6%
falling
20.2%
gathered
18.8%
Quiz Playlist
Details
Report
Send in Message
Add To Playlist
More Info:
This is off of the "Over the Hills and Far Away" EP. Hint: It's not the song "Over the Hills and Far Way."
Classic:
Type in answers that appear in a list
Last Updated: Feb 16, 2017
Quiz Scoreboard
CHALLENGE
Sign Up to Join the Scoreboard
Show All
Scores
Hide
Comments
May contain spoilers
Recently Published
Presidents Visiting Landmarks
by Hejman
History
7m
An Introduction to Baseball
by treessimontrees
Sports
5m
Movies - When Are They Set?
by FPL_Elf
Movies
5m
More to Explore
Quiz From the Vault
Featured Blog Post
Where Did the Easter Bunny Come From?
hide this ad
You Might Also Like...
Tags
Nightwish
Today's Top Quizzes in Music
Browse Music
hide this ad
Top Contributed Quizzes in Music
1
Taylor Swift All Songs (2024)
2
Guess the Artist- 70s Songs
3
7-to-1: Billboard Hot 100 #1 Hits of 2010s
4
Sorting Albums and Songs
5
Taylor Swift Logic Puzzle
6
One Thing in Common: Music
7
2010s Album by Cover III
8
KPOP LOGIC QUIZ
9
Guess the Taylor Swift song (Mystery Song)
10
Guess the Artist- 80s Songs
Explore More
Trending Topics
Crossword
Kpop
Anime
Disney
Harry Potter
NBA
Marvel
Pokémon
Soccer
NFL
The Office
Puzzle
Song
Country
WWE
hide this ad
More By:
DeadGardens
Quiz
Plays
Rating
Category
Featured
Created
Sabaton- Carolus Rex lyrics
1,488
4.45
Music
Apr 25, 2015
Guess The Nightwish Lyrics 9
587
4.00
Music
Nov 26, 2012
Guess The Nightwish Lyrics 8
519
3.00
Music
Nov 26, 2012
Guess The Nightwish Lyrics 18
434
5.00
Music
Dec 22, 2012
Guess the Nightwish Lyrics 23
434
5.00
Music
Jan 29, 2013
Go to Creator's Profile
Score Distribution
Quiz Creator Spotlight
DeadGardens
Follow
Send a Message
Quizzes Created
-
Created Quiz Play Count
-
More By This Creator
Popular Quizzes Today
1
Find the US States - No Outlines Minefield
2
Find the Countries of Europe - No Outlines Minefield
3
The Countries of the World
4
Find the US States
5
Popular People in 1961
6
US States
7
Risky Map Clicking: Biggest States A-Z
8
Movies - When Are They Set?
More Music Quizzes
Typing Challenge: The Sound of Da Police!
Curator's Pick
Trending Quizzes
Risky Map Clicking: Least Populous States A-Z
1-10 Letter G Words
1-10 Letter F Words
Risky Map Clicking: Next State Alphabetically
Risky Map Clicking: Biggest States A-Z
Recently Updated
Leaping Animals
pecheneg
Reality TV Shows (A-Z)
bhenderson79
Rickey Henderson's Hall of Fame Teammates
pecheneg
Champions League XIs: Arsenal
pecheneg
Quick Pick: Celebrities in WWE's Hall of Fame
aduchscher
A-Z Keypad Blitz II
pecheneg
Multiple Oscar Actors
pecheneg
Mystery Phrase Blitz: Oscar 'Best Actors'
pecheneg
F. Scott Fitzgerald Novels
LTH
Pick 3 Villains
ddd62291
Trending Topics
Anime
Kpop
Harry Potter
Crossword
Marvel
NBA
Disney
The Office
Song
Pokémon
Puzzle
WWE
Country
NFL
Soccer
Your Account Isn't Verified!
In order to create a playlist on Sporcle, you need to verify the email address you used during registration. Go to your
Sporcle Settings
to finish the process.
Report this User
Report this user for behavior that violates our
Community Guidelines
.
Details:
Send Report
Go to the Sporcle.com Mobile Site →
Comments